000 00329nam a22001337a 4500
020 _a978-81-264-5051-0
082 _a823
_bNAY/T
100 _aNAYAR, NANDINI
245 _aTHIS IS HOW IT HAPPENED
_bTALES FROM INDIAN HISTORY
260 _aKARNATAKA
_bDC BOOKS
_c2014
300 _a58
650 _aSHORT STORIES
_zINDIA
942 _cBK
999 _c3582
_d3582